| 000 | 00599nam a2200217Ia 4500 | ||
|---|---|---|---|
| 003 | OSt | ||
| 005 | 20230628162512.0 | ||
| 008 | 210423s9999 xx 000 0 und d | ||
| 040 | _cAL | ||
| 041 | _aeng | ||
| 082 |
_a340 MATO _223 |
||
| 100 |
_aMATHEW (P D) _9117988 |
||
| 245 | _aOn your rights to compensation in motor vehile accidents | ||
| 260 |
_bIndian Social Institute _aBengaluru _c2003 |
||
| 300 |
_a16 _bPB |
||
| 365 | _cINR | ||
| 650 |
_aLaw _9117989 |
||
| 650 |
_aSocial Sciences _9117990 |
||
| 906 | _aaccidents ; compensation ; motor ; rights ; vehile ; your | ||
| 942 |
_2ddc _cBK |
||
| 999 |
_c173713 _d173713 |
||